All NCAA Basketball Teams by Logo - Statistics

General Stats
  • This quiz has been taken 145 times
    7 since last reset
  • The average score is 213 of 365
Answer Stats
Picture Answer % Correct
Air Force
100%
Alabama
100%
Arizona
100%
Arizona State
100%
Arkansas
100%
Army
100%
Auburn
100%
Ball State
100%
Baylor
100%
Boise State
100%
Boston College
100%
Boston University
100%
California
100%
Central Florida
100%
Charlotte
100%
Cincinnati
100%
Clemson
100%
Colorado
100%
Colorado State
100%
Connecticut
100%
Dayton
100%
Delaware
100%
Duke
100%
Florida
100%
Florida Atlantic
100%
Florida State
100%
Georgia
100%
Georgia Tech
100%
Gonzaga
100%
Harvard
100%
Hawaii
100%
High Point
100%
Houston
100%
Illinois
100%
Illinois State
100%
Indiana
100%
Indiana State
100%
Iowa
100%
Iowa State
100%
Kansas
100%
Kansas State
100%
Kentucky
100%
La Salle
100%
Liberty
100%
Alabama A&M
80%
Alabama State
80%
Arkansas State
80%
Bowling Green
80%
Bringham Young
80%
Buffalo
80%
Central Michigan
80%
Charleston
80%
Coastal Carolina
80%
Creighton
80%
East Carolina
80%
Eastern Illinois
80%
Florida Gulf Coast
80%
Furman
80%
George Mason
80%
Georgia State
80%
Grambling State
80%
Grand Canyon
80%
Green Bay
80%
Idaho
80%
James Madison
80%
Kent State
80%
Long Island
80%
Louisiana
80%
Louisiana State
80%
Louisiana Tech
80%
Louisville
80%
Marshall
80%
Maryland
80%
Massachusetts
80%
Memphis
80%
Miami
80%
Miami (OH)
80%
Michigan
80%
Michigan State
80%
Minnesota
80%
Mississippi State
80%
Missouri
80%
Nebraska
80%
New Mexico
80%
New Mexico State
80%
North Carolina
80%
North Dakota
80%
North Dakota State
80%
Northern Kentucky
80%
North Texas
80%
Northwestern
80%
Notre Dame
80%
Ohio
80%
Ohio State
80%
Oklahoma
80%
Oklahoma State
80%
Old Dominion
80%
Ole Miss
80%
Oregon
80%
Oregon State
80%
Penn
80%
Penn State
80%
Pittsburgh
80%
Purdue
80%
Rhode Island
80%
Richmond
80%
Rutgers
80%
San Diego
80%
San Diego State
80%
Santa Clara
80%
South Carolina
80%
South Dakota
80%
South Dakota State
80%
Southern Illinois
80%
Southern Methodist
80%
South Florida
80%
Stanford
80%
St. John's
80%
St. Louis
80%
St. Mary's
80%
Syracuse
80%
Temple
80%
Tennessee
80%
Tennessee State
80%
Texas
80%
Texas A&M
80%
Texas Christian
80%
Texas State
80%
Texas Tech
80%
Troy
80%
Tulane
80%
Tulsa
80%
UCLA
80%
UNLV
80%
Utah
80%
Utah State
80%
Vanderbilt
80%
Villanova
80%
Virginia
80%
Virginia Tech
80%
Wake Forest
80%
Washington
80%
Washington State
80%
Western Kentucky
80%
West Virginia
80%
Wisconsin
80%
Wyoming
80%
Xavier
80%
Akron
60%
Alabama-Birmingham
60%
Albany
60%
Alcorn State
60%
American
60%
Appalachian State
60%
Austin Peay
60%
Bradley
60%
Brown
60%
Butler
60%
Chattanooga
60%
Colgate
60%
Columbia
60%
Cornell
60%
Dartmouth
60%
Delaware State
60%
DePaul
60%
Detroit Mercy
60%
Drake
60%
Eastern Michigan
60%
Florida A&M
60%
Florida International
60%
Fordham
60%
Fresno State
60%
Georgetown
60%
George Washington
60%
Georgia Southern
60%
Holy Cross
60%
Howard
60%
Idaho State
60%
Jackson State
60%
Jacksonville
60%
Jacksonville State
60%
Kansas City
60%
Kennesaw State
60%
Little Rock
60%
Louisiana-Monroe
60%
Loyola Chicago
60%
McNeese State
60%
Middle Tennessee
60%
Missouri State
60%
Montana
60%
Montana State
60%
Navy
60%
Nevada
60%
North Carolina State
60%
Northern Arizona
60%
Northern Illinois
60%
Northern Iowa
60%
North Florida
60%
Northwestern State
60%
Prairie View A&M
60%
Princeton
60%
Queens
60%
Rice
60%
Sam Houston
60%
San Francisco
60%
San Jose State
60%
Siena
60%
Southern California
60%
St. Peter's
60%
Tarleton State
60%
Tennessee Tech
60%
Toledo
60%
UC Santa Barbara
60%
UTEP
60%
Vermont
60%
Virginia Military
60%
Western Michigan
60%
West Georgia
60%
Wichita State
60%
Yale
60%
Abilene Christian
40%
Arkansas-Pine Bluff
40%
Belmont
40%
Bethune-Cookman
40%
Binghamton
40%
Bryant
40%
Cal Poly
40%
Campbell
40%
Central Arkansas
40%
Central Connecticut
40%
Chicago State
40%
Davidson
40%
Duquesne
40%
Eastern Kentucky
40%
Eastern Washington
40%
East Tennessee State
40%
Evansville
40%
Fairfield
40%
Fairleigh Dickinson
40%
Hofstra
40%
Lehigh
40%
Lindenwood
40%
Lipscomb
40%
Long Beach State
40%
Maine
40%
Marist
40%
Marquette
40%
Maryland-Baltimore
40%
Mercer
40%
Mississippi Valley State
40%
Morehead State
40%
Mount St. Mary's
40%
Murray State
40%
New Hampshire
40%
New Jersey IT
40%
North Carolina A&T
40%
Northern Colorado
40%
Omaha
40%
Pepperdine
40%
Portland State
40%
Providence
40%
Sacramento State
40%
Sacred Heart
40%
Samford
40%
Seton Hall
40%
South Alabama
40%
Southeast Missouri State
40%
Southern
40%
Southern Miss
40%
Stephen F. Austin
40%
St. Francis
40%
St. Joseph's
40%
Texas Southern
40%
The Citadel
40%
Towson
40%
UC Irvine
40%
UC San Diego
40%
Utah Tech
40%
UT Martin
40%
UT Rio Grande Valley
40%
UTSA
40%
Valparaiso
40%
Virginia Commonwealth
40%
Western Illinois
40%
William & Mary
40%
Winthrop
40%
Wofford
40%
Youngstown State
40%
Bellarmine
20%
Bucknell
20%
Cal Baptist
20%
Canisius
20%
Charleston Southern
20%
Cleveland State
20%
Coppin State
20%
CSU Bakersfield
20%
CSU Fullerton
20%
CSU Northridge
20%
Denver
20%
Drexel
20%
East Texas A&M
20%
Elon
20%
Gardner-Webb
20%
Hampton
20%
Houston Christian
20%
Illinois-Chicago
20%
Incarnate Word
20%
Iona
20%
IU Indianapolis
20%
Lafayette
20%
Lamar
20%
Le Moyne
20%
Longwood
20%
Loyola Maryland
20%
Loyola Marymount
20%
Manhattan
20%
Maryland Eastern Shore
20%
Massachusetts-Lowell
20%
Mercyhurst
20%
Merrimack
20%
Milwaukee
20%
Monmouth
20%
Morgan State
20%
New Haven
20%
New Orleans
20%
Niagara
20%
Nicholls
20%
Norfolk State
20%
North Alabama
20%
North Carolina Central
20%
Northeastern
20%
Oakland
20%
Oral Roberts
20%
Pacific
20%
Portland
20%
Presbyterian
20%
Purdue Fort Wayne
20%
Quinnipiac
20%
Radford
20%
Rider
20%
Robert Morris
20%
Seattle
20%
SIU Edwardsville
20%
South Carolina State
20%
South Carolina Upstate
20%
Southeast Louisiana
20%
Southern Indiana
20%
Southern Utah
20%
St. Bonaventure
20%
Stetson
20%
Stonehill
20%
Stony Brook
20%
St. Thomas
20%
Texas A&M-Corpus Christi
20%
UC Davis
20%
UC Riverside
20%
UNC Asheville
20%
UNC Greensboro
20%
UNC Wilmington
20%
Utah Valley
20%
UT Arlington
20%
Wagner
20%
Weber State
20%
Western Carolina
20%
Wright State
20%
No matching quizzes found
Score Distribution
Percent of People with Each Score
Percentile by Number Answered
Your Score History
You have not taken this quiz since the last reset